000 00239nam a2200097Ia 4500
001 689932
005 20250826161806.0
008 250824s9999 xx 000 0 und d
245 0 _aDAVID BALDACCI
_cTIMES BESTSELLER
260 _bMARTI YAYINLARI
999 _c689932
_d689932